MARC details
| 000 -CABECERA |
| campo de control de longitud fija |
01214nam a2200337 i 4500 |
| 001 - NÚMERO DE CONTROL |
| campo de control |
000027554 |
| 003 - IDENTIFICADOR DEL NÚMERO DE CONTROL |
| campo de control |
DO-SdBNP |
| 005 - FECHA Y HORA DE LA ÚLTIMA TRANSACCIÓN |
| campo de control |
20260528084352.0 |
| 007 - CAMPO FIJO DE DESCRIPCIÓN FÍSICA--INFORMACIÓN GENERAL |
| campo de control de longitud fija |
ta |
| 008 - DATOS DE LONGITUD FIJA--INFORMACIÓN GENERAL |
| campo de control de longitud fija |
110401s1995 dr 000 0 spa d |
| 040 ## - FUENTE DE LA CATALOGACIÓN |
| Centro catalogador/agencia de origen |
DO-SdBNP |
| Lengua de catalogación |
spa |
| Centro/agencia transcriptor |
BNPHU |
| Normas de descripción |
rda |
| 082 #4 - NÚMERO DE LA CLASIFICACIÓN DECIMAL DEWEY |
| Número de clasificación |
xxx |
| Número de documento/Ítem |
xxx |
| Número de edición |
22 |
| 245 00 - MENCIÓN DE TÍTULO |
| Título |
Tratado de limites con Franceses 1772 / |
| Mención de responsabilidad, etc. |
coordinación general, José Chez Checo ; índice onomástico, Rafael Deprat ; presentación, Nicolás de Jesús López Rodríguez |
| 250 ## - MENCIÓN DE EDICIÓN |
| Mención de edición |
primera edición |
| 264 #4 - PRODUCCIÓN, PUBLICACIÓN, DISTRIBUCIÓN, FABRICACIÓN Y COPYRIGHT |
| Producción, publicación, distribución, fabricación y copyright |
Santo Domingo : |
| Nombre del de productor, editor, distribuidor, fabricante |
Editora Patronato de la Ciudad Colonial, |
| Fecha de producción, publicación, distribución, fabricación o copyright |
1995. |
| 300 ## - DESCRIPCIÓN FÍSICA |
| Extensión |
227 páginas ; |
| Dimensiones |
23 cm. |
| 336 ## - TIPO DE CONTENIDO |
| Término de tipo de contenido |
texto |
| Código de tipo de contenido |
txt |
| Fuente |
rdacontent |
| 337 ## - TIPO DE MEDIO |
| Nombre/término del tipo de medio |
sin mediación |
| Código del tipo de medio |
n |
| Fuente |
rdamedia |
| 338 ## - TIPO DE SOPORTE |
| Nombre/término del tipo de soporte |
volumen |
| Código del tipo de soporte |
nc |
| Fuente |
rdacarrier |
| 490 1# - MENCIÓN DE SERIE |
| Mención de serie |
Quinto Centenario |
| -- |
Documento |
| Designación de volumen o secuencia |
7 |
| 490 1# - MENCIÓN DE SERIE |
| Mención de serie |
César Herrera |
| Designación de volumen o secuencia |
4 |
| 500 ## - NOTA GENERAL |
| Nota general |
Incluye índice |
| 590 ## - NOTA LOCAL (RLIN) |
| Nota local |
Inventariado, 2022 / DG |
| 700 1# - PUNTO DE ACCESO ADICIONAL--NOMBRE DE PERSONA |
| Nombre de persona |
Chez Checo, José, |
| Término indicativo de función/relación |
coordinador |
| Código de función/relación |
coord. |
| 9 (RLIN) |
80381 |
| 700 1# - PUNTO DE ACCESO ADICIONAL--NOMBRE DE PERSONA |
| Nombre de persona |
Deprat, Rafael, |
| Término indicativo de función/relación |
índice |
| 9 (RLIN) |
82110 |
| 700 1# - PUNTO DE ACCESO ADICIONAL--NOMBRE DE PERSONA |
| Nombre de persona |
López Rodríguez, Nicolás de Jesús, |
| Término indicativo de función/relación |
presentación |
| 9 (RLIN) |
89777 |
| 830 #0 - PUNTO DE ACCESO ADICIONAL DE SERIE-TÍTULO UNIFORME |
| Título uniforme |
Quinto Centenario |
| Nombre de parte o sección de la obra |
Documentos |
| Número de parte o sección de la obra |
7 |
| 9 (RLIN) |
54645 |
| 830 #0 - PUNTO DE ACCESO ADICIONAL DE SERIE-TÍTULO UNIFORME |
| Título uniforme |
César Herrera |
| 9 (RLIN) |
16590 |
| Número de parte o sección de la obra |
4 |
| 910 ## - DATOS DE OPCIÓN DEL USUARIO (OCLC) |
| Datos de opción del usuario |
DG |
| 942 ## - ELEMENTOS DE PUNTO DE ACCESO ADICIONAL (KOHA) |
| Fuente del sistema de clasificación o colocación |
Dewey Decimal Classification |
| Tipo de ítem Koha |
Libro |